<?xml version="1.0" encoding="UTF-8"?>
<record
    xmlns:xsi="http://www.w3.org/2001/XMLSchema-instance"
    xsi:schemaLocation="http://www.loc.gov/MARC21/slim http://www.loc.gov/standards/marcxml/schema/MARC21slim.xsd"
    xmlns="http://www.loc.gov/MARC21/slim">

  <leader>02393nam a22002777a 4500</leader>
  <datafield tag="999" ind1=" " ind2=" ">
    <subfield code="c">6419</subfield>
    <subfield code="d">6419</subfield>
  </datafield>
  <controlfield tag="003">OSt</controlfield>
  <controlfield tag="005">20200205150102.0</controlfield>
  <controlfield tag="008">200203s2011    ck o||||r|||| 001 0 spa d</controlfield>
  <datafield tag="020" ind1=" " ind2=" ">
    <subfield code="a">9789588245867</subfield>
  </datafield>
  <datafield tag="040" ind1=" " ind2=" ">
    <subfield code="a">CO-JMCR</subfield>
    <subfield code="c">CO-JMCR</subfield>
  </datafield>
  <datafield tag="041" ind1="0" ind2=" ">
    <subfield code="a">spa</subfield>
  </datafield>
  <datafield tag="082" ind1=" " ind2=" ">
    <subfield code="a">364.1323 /</subfield>
    <subfield code="b">D674u</subfield>
    <subfield code="2">20</subfield>
  </datafield>
  <datafield tag="100" ind1="1" ind2=" ">
    <subfield code="a">Donad&#xED;o, Alberto, </subfield>
    <subfield code="e">autor</subfield>
    <subfield code="9">118</subfield>
  </datafield>
  <datafield tag="245" ind1="1" ind2="3">
    <subfield code="a">El u&#xF1;ilargo : </subfield>
    <subfield code="b">la corrupci&#xF3;n en el r&#xE9;gimen de Rojas Pinilla / </subfield>
    <subfield code="c">Alberto Donad&#xED;o</subfield>
  </datafield>
  <datafield tag="250" ind1=" " ind2=" ">
    <subfield code="a">Segunda edici&#xF3;n</subfield>
  </datafield>
  <datafield tag="260" ind1=" " ind2=" ">
    <subfield code="a">Medell&#xEC;n : </subfield>
    <subfield code="b">Hombre Nuevo Editores, </subfield>
    <subfield code="c">2011</subfield>
  </datafield>
  <datafield tag="300" ind1=" " ind2=" ">
    <subfield code="a">121 p&#xE1;ginas :</subfield>
    <subfield code="b">fotograf&#xEC;as a blanco y negro ; </subfield>
    <subfield code="c">22 cm.</subfield>
  </datafield>
  <datafield tag="500" ind1=" " ind2=" ">
    <subfield code="a">Incluye datos biogr&#xE0;ficos del autor en solapa.</subfield>
  </datafield>
  <datafield tag="500" ind1=" " ind2=" ">
    <subfield code="a">Incluye notas a pie de p&#xE0;gina.</subfield>
  </datafield>
  <datafield tag="500" ind1=" " ind2=" ">
    <subfield code="a">Incluye &#xEC;ndice onom&#xE0;stico.</subfield>
  </datafield>
  <datafield tag="505" ind1="0" ind2=" ">
    <subfield code="a">Siete por ciento -- El que es caballero repite -- El Banco Popular que fund&#xF2; y quebr&#xF2; Luis Morales G&#xF2;mez -- A la conquista de Nueva York -- Sucursales por doquier -- En tierra del Quetzal -- El Lloyd A&#xE8;reo Colombiano --  La Empresa Nacional de Publicaciones -- El ganado de Barraza -- Tierras y m&#xE0;s ganados -- La audiencia -- La sentencia</subfield>
  </datafield>
  <datafield tag="520" ind1=" " ind2=" ">
    <subfield code="a">Ese gran escritpr extraviado en la pol&#xEC;tica que fue Alberto Lleras Camargo, afirm&#xF2; en 1958, un a&#xF1;o despu&#xE8;s de la ca&#xEC;da del general Gustavo Rojas Pinilla: "Ning&#xF9;n colombiano puede aspirar a enriquecerse ni prosperar s&#xF2;lo  por la acci&#xF2;n del Estado, a menos que tenga el pensamiento de robar a sus conciudadanos".
Rojas, su familia y sus compiches se dedicaron entre 1953 y 1957 a los negocios de tierra y ganados y recibieron el equivalente de varios millones de d&#xF2;lares en pr&#xE8;stamos de los bancos oficiales y privados. Pr&#xE8;tamos es la pa-labra equivocada pues la mayor parte de los cr&#xE8;ditos j&#xE0;mas fueron pagados a los bancos. Rojas nunca tuvo con-ciencia de que estaba robando a sus conciudadanos. Es m&#xE0;s, nunca acept&#xF2; que &#xE8;l como jefe del Estado no pod&#xEC;a comprar a precio de remate haciendas que estaban invadidas por colonos, ni pedir a la Caja Agraria que las parcelara para que &#xE8;l pudiera vend&#xE8;rselas a los colonos por el precio comercial. Tampoco entendi&#xF2; que como presidente no pod&#xEC;a comprar ingenios en quiebra o recibir las reses que le regalaban los hacendados.
</subfield>
  </datafield>
  <datafield tag="650" ind1="1" ind2="4">
    <subfield code="a">Gustavo Rojas Pinilla1900-1975</subfield>
    <subfield code="x">pr&#xE1;cticas corruptas </subfield>
    <subfield code="9">119</subfield>
  </datafield>
  <datafield tag="650" ind1="1" ind2="4">
    <subfield code="a">Delitos de los funcionarios</subfield>
    <subfield code="x">t&#xE1;cticas pol&#xED;ticas</subfield>
    <subfield code="z">Colombia</subfield>
    <subfield code="9">120</subfield>
  </datafield>
  <datafield tag="942" ind1=" " ind2=" ">
    <subfield code="2">ddc</subfield>
    <subfield code="c">BK</subfield>
  </datafield>
  <datafield tag="952" ind1=" " ind2=" ">
    <subfield code="0">0</subfield>
    <subfield code="1">0</subfield>
    <subfield code="2">ddc</subfield>
    <subfield code="4">0</subfield>
    <subfield code="7">0</subfield>
    <subfield code="a">CPL</subfield>
    <subfield code="b">CPL</subfield>
    <subfield code="c">PROC</subfield>
    <subfield code="d">2019-12-19</subfield>
    <subfield code="e">Donaci&#xF3;n</subfield>
    <subfield code="g">0.00</subfield>
    <subfield code="l">0</subfield>
    <subfield code="o">364.1323 / D674u</subfield>
    <subfield code="p">201809667</subfield>
    <subfield code="r">2024-05-16 00:00:00</subfield>
    <subfield code="t">Ej.1</subfield>
    <subfield code="w">2020-02-03</subfield>
    <subfield code="y">BK</subfield>
  </datafield>
</record>
